000 00486nam a2200169 i 4500
001 111224
003 ES-MaACL
005 20230906185251.0
007 t|
008 061121s1934 py r ||||1| spa d
100 1 _aO'Leary, Juan E. (
_d1879-1969)
_986341
245 1 3 _aUn abogado español de Bolivia /
_cJuan O'Leary.
260 _aAsunción :
_b[s.n.],
_c1934 (
_fImpr. "La Paraguaya")
300 _a12 p. ;
_c19 cm.
852 _aES-MaACL
_j1803-F-1
852 _aES-MaACL
_j1804-F-6
999 _c111224
_d111224